| 000 | 00000nam 2200000za 4500 |
| 001 | 9.840908 |
| 003 | CaOODSP |
| 005 | 20250403105948 |
| 007 | cr ||||||||||| |
| 008 | 170802s1989 onc |o f|0| 0 fre d |
| 040 | |aCaOODSP|bfre |
| 043 | |an-cn--- |
| 086 | 1 |aCS12-0043/1F-PDF |
| 100 | 1 |aKrahn, Harvey. |
| 245 | 14|aLes études et le travail |h[ressource électronique] : |bvers l'an 2000 : introduction à l'Enquête sociale générale de 1989 / |cpar Harvey Krahn et Graham S. Lowe. |
| 260 | |a[Ottawa] : |bStatistique Canada, |c[1989]. |
| 300 | |a28 p. |
| 490 | 1 |aDocument de travail ; |vno. 1 |
| 500 | |aPubli. aussi en anglais sous le titre : Work and education: toward the year 2000: an introduction to the 1989 General Social Survey. |
| 500 | |aSur la couv. : Introduction à l'Enquête sociale générale de 1989 : conception de l'enquête. |
| 500 | |aÉdition numérisée de l'imprimé [par Statistique Canada]. |
| 504 | |aComprend des références bibliographiques. |
| 520 | |a« Le présent mémoire expose les grandes lignes de l'Enquête sociale générale (ESG) de 1989. Le thème Les études et le travail: vers l'an 2000 s'articule autour de trois sujets principaux : travail et études comportements et tendances; nouvelles technologies et ressources humaines, et travail dans le secteur tertiaire »--Introduction. |
| 692 | 07|2gccst|aSondage |
| 692 | 07|2gccst|aÉducation |
| 692 | 07|2gccst|aEmploi |
| 700 | 1 |aLowe, Graham S. |
| 710 | 2 |aStatistique Canada. |
| 775 | 08|tWork and education |w(CaOODSP)9.840906 |
| 830 | #0|aDocument de travail (Enquête sociale générale (Canada))|vno. 1|w(CaOODSP)9.835229 |
| 856 | 40|qPDF|s3.07 Mo|uhttps://publications.gc.ca/collections/collection_2017/statcan/12-0043/CS12-0043-1-fra.pdf |
| 986 | |a12F0043F no. 1 |